000 00322 a2200133 4500
005 20260529145425.0
020 _a9789383101276
084 _2CC
_a G:55-5270bE5
100 _aSHUKLA ,O P
_915383
245 _aGreen transformation
260 _bAgrotech press,
_c2025,
_aNew Delhi
300 _a255p.
942 _cBK
_2CC
999 _c756749
_d756749